| 000 | 00676nam a2200253Ia 4500 | ||
|---|---|---|---|
| 003 | OSt | ||
| 005 | 20221007103911.0 | ||
| 006 | a|||||r|||| 00| 0 | ||
| 007 | ta | ||
| 008 | 221006b |||||||| |||| 00| 0 eng d | ||
| 024 | _a14,351 | ||
| 037 | _cTextual | ||
| 040 |
_aLCO _cLCO _beng |
||
| 041 |
_2eng _aeng |
||
| 082 | _aZ2,94, L3 | ||
| 100 |
_aBatuk Lal _9640598 |
||
| 245 | 0 | _aLaw of Evidence in India | |
| 260 |
_aAllahabad _bAlia Law Agency India _c1973 |
||
| 300 | _a864 | ||
| 650 | _aEVIDENCE | ||
| 700 |
_a Srivastava Satya Prakash _9705636 |
||
| 942 |
_hZ2,94, L3 _cTEXL |
||
| 999 |
_c1183914 _d1183914 |
||